| 000 | 00850cam a2200277 a 4500 | ||
|---|---|---|---|
| 001 | 230511 | ||
| 003 | OSt | ||
| 005 | 20140310182027.0 | ||
| 008 | 990421s1984 coub 000 0 eng | ||
| 010 | _a 99198814 | ||
| 035 | _a(DLC) 99198814 | ||
| 040 |
_aDLC _cDLC _dDLC |
||
| 050 | 0 | 0 |
_aBS 195 _b.H761 1986 |
| 082 | 0 | 0 |
_aHS 220.5 _bSt1 2007 |
| 130 | 0 |
_aBible. _lEnglish. _sNew International. _f1984. _910009 |
|
| 245 | 1 | 4 |
_aThe holy Bible : _bnew international version / |
| 260 |
_aColorado Springs, CO : _bInternational Bible Society, _cc1984. |
||
| 300 |
_a1576 p. : _bmaps ; _c21 cm. |
||
| 650 |
_aReligions _910010 |
||
| 710 | 2 |
_aInternational Bible Society. _910002 |
|
| 906 |
_a7 _bcbc _corignew _d2 _encip _f19 _gy-gencatlg |
||
| 942 |
_2lcc _cHS |
||
| 999 |
_c8512 _d8512 |
||